K vybraným aspektom finančného investovania

Slovenský kapitálový trh - jeho formovanie a rozvoj. Rozvoj podielových a investičných fondov vo svete . Rozvoj aktivít inštitucionálnych investorov v EÚ. Oblasť bankovníctva. Finančné investovanie v slovenských podmienkach. Postavenie inštitucionálnych investorov v SR. Oblasť kolektívneho investo...

Descrizione completa

Salvato in:
Dettagli Bibliografici
Autore principale: Miková, Oľga
Natura: Capitolo di libro
Lingua:slovacco
Soggetti:
Tags: Aggiungi Tag
Nessun Tag, puoi essere il primo ad aggiungerne!!

MARC

LEADER 00000naa$a2200000$$$4500
001 0015134
005 20240717095613.3
041 0 |a slo 
044 |a SK 
245 1 0 |a K vybraným aspektom finančného investovania  |c Oľga Miková 
520 |a Slovenský kapitálový trh - jeho formovanie a rozvoj. Rozvoj podielových a investičných fondov vo svete . Rozvoj aktivít inštitucionálnych investorov v EÚ. Oblasť bankovníctva. Finančné investovanie v slovenských podmienkach. Postavenie inštitucionálnych investorov v SR. Oblasť kolektívneho investovania. Činnosť správcovských spoločností na Slovensku. Negatíva, ktoré spomalili rozvoj kolektívneho investovania. Obnovenie transparentnosti a dôvery klienta. 
610 2 0 |a trh kapitálový 
610 2 0 |a investovanie 
610 2 0 |a investovanie kolektívne 
610 2 0 |a investície finančné 
610 2 0 |a rozhodovanie investičné 
610 2 0 |a Slovensko 
610 2 0 |a fondy finančné 
610 2 0 |a fondy podielové 
610 2 0 |a služby finančné 
610 2 0 |a fondy penzijné 
610 2 0 |a investori 
610 2 0 |a privatizácia 
610 2 0 |a legislatíva 
100 1 |a Miková, Oľga